Focus (Record no. 78945)

MARC details
000 -LEADER
fixed length control field 01195cab a22002415a 4500
001 - CONTROL NUMBER
control field L138651
008 - FIXED-LENGTH DATA ELEMENTS--GENERAL INFORMATION
fixed length control field 070629e20070623xxko f 000 0 eng d
035 ## - SYSTEM CONTROL NUMBER
System control number (Sirsi) u138651
041 0# - LANGUAGE CODE
Language code of text/sound track or separate title eng
100 1# - MAIN ENTRY--PERSONAL NAME
Personal name Morrison, Adrian
245 00 - TITLE STATEMENT
Title Focus
Remainder of title West of Scotland
260 ## - PUBLICATION, DISTRIBUTION, ETC.
Date of publication, distribution, etc. 2007
490 ## - SERIES STATEMENT
Series statement Estates Gazette
Volume/sequential designation (0725) 23 June 2007, 125-139(11)
520 ## - SUMMARY, ETC.
Summary, etc. Topics include: the Scottish Executive's launch of two urban regeneration areas, with a third expected shortly; better quality buildings and a good labour market are helping the Glasgow office market to close the rental gap on Edinburgh to some £1-2.50 per sq ft; the prospect of major retail development on the site of the former Ravenscraig steelworks is affecting key schemes and development proposals in the area; and the outlook for the MEPC Hillington Park business park following the decision by Renfrewshire Council to stamp unauthorised retail use on the site.
590 ## - LOCAL NOTE (RLIN)
Local note KA
651 #4 - SUBJECT ADDED ENTRY--GEOGRAPHIC NAME
Geographic name Scotland
Chronological subdivision 1999-
690 ## - LOCAL SUBJECT ADDED ENTRY--TOPICAL TERM (OCLC, RLIN)
Topical term or geographic name as entry element PROPERTY-COMMERCIAL PROPERTY-COMMERCIAL PROPERTY MARKET
700 1# - ADDED ENTRY--PERSONAL NAME
Personal name Baker, Colin
700 1# - ADDED ENTRY--PERSONAL NAME
Personal name Myhre, Catherine
700 1# - ADDED ENTRY--PERSONAL NAME
Personal name Morrison, Adrian
700 1# - ADDED ENTRY--PERSONAL NAME
Personal name Alexander, Mark
942 ## - ADDED ENTRY ELEMENTS (KOHA)
Suppress in OPAC 0
Holdings
Withdrawn status Lost status Source of classification or shelving scheme Damaged status Not for loan Home library Current library Shelving location Date acquired Total Checkouts Full call number Barcode Date last seen Copy number Price effective from Koha item type
    Dewey Decimal Classification     London London Journal article 29/06/2007   L138651 138651-1001 06/08/2019 1 06/08/2019 Journal article